Statistiques concernant Focus sur: Modestie Bellebosse - Harry Potter

Cliquez ici pour prendre le quiz!

Statistiques générales

  • Ce quiz a été pris 19 fois
  • Le résultat moyen est 5 sur 7

Statistiques - réponses

Informations recherchéesRéponses% Correct
Couleur des cheveuxBlond
100%
Statut du sangMoldue
94%
Première apparitionLes Animaux Fantastiques 1
83%
Frère adoptifCroyance Bellebosse
72%
Mère adoptiveMary Lou Bellebosse
67%
Sœur adoptiveChasteté Bellebosse
61%
Actrice l'interprétant dans les filmsFaith Wood-Blagrove
6%

Distribution des résultats

Percentile par nombre de réponses

% des personnes avec chaque résultat

Votre développement - résultats

Vous n’avez pas pris ce quiz